| 000 | 00522nam a2200157 a 4500 | ||
|---|---|---|---|
| 001 | 000028494 | ||
| 005 | 20200930054956.0 | ||
| 008 | 110408s1998 dr 000 0 spa d | ||
| 040 |
_aDO-SdBNP _bspa _cBNPHU |
||
| 082 |
_axxx _bM843i |
||
| 100 | 1 |
_aMoreno, Guillermo, _931108 |
|
| 245 | 1 | 0 |
_aIndependencia del poder judicial : _btareas urgente de la Suprema Corte de Justicia / _cGuillermo Moreno. |
| 260 |
_a[Santo Domingo] : _bEdición Gaceta Judicial, _c[1998] _fEditora Búho |
||
| 300 |
_a24 p. ; _c14 cm. |
||
| 049 | _aBNPD | ||
| 999 |
_c27986 _d27986 |
||